000 00621nam a22001937a 4500
999 _c14763
_d14763
003 MIRAKIL
005 20220119171318.0
008 220119b tu ||||| |||| 00| 0 tur d
020 _a9789757978336
040 _aTR-AnCHP
_btur
_cTR-AnCHP
041 _atur
082 _a346.0263
_bH84 2011
245 _aHukuk usulü muhakemeleri kanunundan hukuk muhakemeleri kanununa/
260 _aAnkara:
_bAdalet bakanlığı
_c2011.
300 _a560 s.:
_btbl.;
_c23 sm.
650 _aÖzel hukuk
_xHukuk usulü muhakemeleri
_yTürkiye
_zKanunlar
651 _aTürkiye
_xHukuk Usulü Muhakemeleri Kanunu (HUMK)
942 _2ddc
_cBKS